000 00476nam a2200181Ia 4500
001 2099
005 20260306143817.0
008 260306t2017||||xx |||||||||||||| ||spa||
041 _aESP
082 _a612.8
_bM26
100 _aMarino Dávalos, Julián
_eAUT
245 0 _aNeuropsicología cognitiva tractográfica:
_btécnicas, capacidades y procesos
260 _c2017
300 _a215 páginas :
_c23 cm.
650 _aGEN
654 _aCPS
942 _cLIB
_dJUS
_fJUS
_2ddc
_n
999 _c2099
_d2099